00616nam a2200217 a 4500001001300000003000900013005001700022008004100039020001000080082001300090245003400103260004300137300000900180500003500189650001700224710002900241902000800270942000700278952009600285999001700381nice12345678IN_TiNIC20260116015345.0091231s0000 pooa grp 000 0 eng  ac10000a248bCHR aIndian Spiriluality in Action aPoona bChrist Prem Seva Ashram c0000 a190p aincludes index and biblioraphy aSpirituality2 aAsan Tradind Cor[oration bSRS cBK 00104070aHMIbHMId2010-05-06g100.00l0o248 CHRp11001765r2010-05-06w2026-01-16yEB c19373d19373